000 00373nam a2200157Ia 4500
001 32215
003 IN-NITTTR
005 20251114233429.0
008 251113s9999||||xx |||||||||||||| ||eng||
040 _beng
040 _cIN-NITTTR
041 _aeng
082 _a005.8 ST782C
245 0 _aCryptography and Network Security- Principles and Practice /
942 _2ddc
_cBK
999 _c34845
_d34845